Lịch lễ hội /

Đã lưu trong:
Sonraí Bibleagrafaíochta
Príomhúdar: Lê Trung Vũ
Údair Eile: Nguyễn Hồng Dương
Formáid: Sách giấy
Teanga:Vietnamese
Foilsithe: Hà Nội : Văn hoá Thông tin , 1997
Clibeanna: Cuir Clib Leis
Gan Chlibeanna, Bí ar an gcéad duine leis an taifead seo a chlibeáil!
Thư viện lưu trữ: Thư viện Trường Đại học Đà Lạt
LEADER 00629nam a2200253 4500
001 DLU020010397
005 ##11/24/1999
041 # # |a vie 
082 # # |a 394.269 597  |b LE-V 
090 # # |a 394.269 597  |b LE-V 
100 # # |a Lê Trung Vũ 
245 # # |a Lịch lễ hội /  |c Lê Trung Vũ, Nguyễn Hồng Dương 
260 # # |a Hà Nội :  |b Văn hoá Thông tin ,  |c 1997 
300 # # |a 358 tr.;   |c 19 cm. 
700 # # |a Nguyễn Hồng Dương 
992 # # |a 27500 
994 # # |a DLU 
900 # # |a False 
911 # # |a Administrator 
925 # # |a G 
926 # # |a A 
927 # # |a SH 
980 # # |a Thư viện Trường Đại học Đà Lạt